Countries Whose Capitals Start With Letter A - Statistics

General Stats
  • This quiz has been taken 645 times
  • The average score is 13 of 16
Answer Stats
Capital Country % Correct
Asuncion Paraguay
92%
Amsterdam Netherlands
91%
Andorra la Vella Andorra
90%
Athens Greece
87%
Algiers Algeria
84%
Apia Samoa
82%
Amman Jordan
81%
Ankara Turkey
81%
Addis Ababa Ethiopia
80%
Astana Kazakhstan
79%
Ashgabat Turkmenistan
79%
Accra Ghana
77%
Antananarivo Madagascar
77%
Abuja Nigeria
76%
Abu Dhabi United Arab Emirates
71%
Asmara Eritrea
67%
No matching quizzes found
Score Distribution
Percent of People with Each Score
Percentile by Number Answered
Your Score History
You have not taken this quiz